LEADER 01301nam a2200265 4500 001 000000330494 003 CaOOAMICUS 005 20200318093023.0 008 180925s2011 it o 000 u ita r 020 $a978-88-6512-085-9 040 $aSeMil$bita 245 00$aCongregazioni e ordini cattolici a Venezia tra Ottocento e Novecento /$ca cura di Gian Pietro Casadoro ; testi di Franco Tonon ... [et al.]. 264 1$aVenezia :$bMarcianum Press,$c2011. 300 $a204 p. :$bill. ;$c21 cm 490 1 $aQuaderni delle Scuole di Venezia ;$v5 650 4$aCongregazioni e confraternite religiose - Sec. 16-18.$0(OLS)http://semarc/subject/45274 700 1 $aCasadoro, Gian Pietro,$ecuratore.$0(OLS)http://semarc/name/108187 700 1 $aTonon, Franco.$0(OLS)http://semarc/name/39976 830 0$aQuaderni delle Scuole di Venezia ;$v5.$0(OLS)http://semarc/title/418942 850 $aSeMil 852 $aSeMil$W1$xVenegono$y1$m3B II 44$j210482$B224413$CSeMilBibl$Z2$F224413 $81 996 $6020$a978-88-6512-085-9$9(OLS)http://semarc/number/285239 996 $6245$aCongregazioni e ordini cattolici a Venezia tra Ottocento e Novecento $9(OLS)http://semarc/title/418943 996 $6264$aVenezia :$bMarcianum Press$9(OLS)http://semarc/publisher/31536 LEADER 00833nam a2200205 4500 001 000000353932 003 CaOOAMICUS 005 20230522145723.0 008 230522s1949 it a 000 u ita r 040 $aSeMil$bita 100 1 $aCiti, Plinio.$0(OLS)http://semarc/name/117635 245 10$aGuido Laj :$bgran maestro della massoneria italiana /$cPlinio Citi. 264 1$cStampa 1949$e(Firenze :$f Tip. G. Concetti) 300 $a14 p. ;$c22 cm 650 4$aMassoneria - Italia.$0(OLS)http://semarc/subject/39324 850 $aSeMil 852 $aSeMil$W1$xVenegono$y1$m5A IV 4/36$j240697$B245135$CSeMilBibl$Z2$F245135 $81 996 $6245$aGuido Laj :$bgran maestro della massoneria italiana$9(OLS)http://semarc/title/444076 996 $6264$a[S.l.] :$b[s.n.]$9(OLS)http://semarc/publisher/0 LEADER 01029nam a2200181 i 4500 001 000000211570 003 CaOOAMICUS 005 20120306000000.0 008 120306s1895 it u000 u ita u 013 $a190383 040 $aSeMil$bita 100 1 $aSolerti, Angelo <1865-1907>.$0(OLS)http://semarc/name/11075 245 10$aLettere inedite e disperse di T. Tasso ; Lettere di diversi a documento e a illustrazione della vita e delle opere di T. Tasso ; Appendice: Lettere di vari eruditi intorno a T. Tasso e alle sue opere. 300 $aXXIV, 540 p. 773 0 $aSolerti, Angelo <1865-1907>$tVita di Torquato Tasso.$dTorino ; Roma : Ermanno Loescher, 1895.$gVol.2$w()26406 850 $aSeMil 852 $aSeMil$W1$xVenegono$y1$m1U VI 2 FA$j162010$B162010$CSeMilBibl$Z2$F173349 $8I 996 $6245$aLettere inedite e disperse di T. Tasso ; Lettere di diversi a documento e a illustrazione della vita e delle opere di T. Tasso ; Appendice: Lettere di vari eruditi intorno a T. Tasso e alle sue opere$9(OLS)http://semarc/title/305612